000 00498nam a2200193Ia 4500
005 20250603144708.0
008 250603s9999 xx 000 0 und d
020 _a9780135064171
050 _aQA 76.9.C643 .S73/
100 _aStallings, William
245 0 _aComputer organization and architecture : designing for performance
250 _a8th ed.
260 _aNew Jersey
260 _bPearson Prentice Hall
260 _c2010
300 _a792 p
650 _aNew Jersey
942 _cBK
999 _c39683
_d39683